| 000 | 01128cam a2200241 4500 | ||
|---|---|---|---|
| 001 | ABS66008 | ||
| 008 | 021025n2002 000 0 eng u | ||
| 035 | _a(Sirsi) u120268 | ||
| 100 | _aBrewer, G. | ||
| 245 | _aGeoff Brewer considers insurance under JCT forms | ||
| 260 | _c2002 | ||
| 490 |
_aContract Journal _v415(6395) 18 September 2002, 22(1) |
||
| 520 | _aConsiders "Co-operative Retail Services Ltd v Taylor Young Partnership and Hoare Lee & Partners" (2002). The central issue was whether parties to a joint-names policy can be liable to a third party that is successfully sued under rights of subrogation. The significance of the case is that under JCT80 main contractors and subcontractors that have joint-names policy insurance cannot be sued for contribution to the losses of a third party. | ||
| 590 | _aABS | ||
| 650 | _aJCT80 | ||
| 650 | _aMAIN CONTRACTORS | ||
| 650 | _aSUBCONTRACTORS | ||
| 650 |
_aInsurance _96249 |
||
| 650 | _aTHIRD PARTIES | ||
| 650 | _aCO-OPERATIVE RETAIL SERVICES LTD V TAYLOR YOUNG PARTNERSHIP | ||
| 690 | _aBUILDING AND CONSTRUCTION-CONTRACTS-JCT CONTRACTS | ||
| 942 | _n0 | ||
| 999 |
_c71452 _d71452 |
||